| 000 -LEADER |
| fixed length control field |
00303nam a22001217a 4500 |
| 003 - CONTROL NUMBER IDENTIFIER |
| control field |
OSt |
| 008 - FIXED-LENGTH DATA ELEMENTS--GENERAL INFORMATION |
| fixed length control field |
150215b xxu||||| |||| 00| 0 eng d |
| 041 ## - LANGUAGE CODE |
| Language code of text/sound track or separate title |
eng |
| 100 1# - MAIN ENTRY--PERSONAL NAME |
| Personal name |
Monte, Par Ballon |
| 245 10 - TITLE STATEMENT |
| Title |
The Siege of Paris September 1870-January 1871 |
| 260 ## - PUBLICATION, DISTRIBUTION, ETC. (IMPRINT) |
| Name of publisher, distributor, etc. |
Thompson, Reuben R. |
| Date of publication, distribution, etc. |
1975 |
| 300 ## - PHYSICAL DESCRIPTION |
| Extent |
0 pages |